FUNDAMENTAL CONCEPTS OF APPLIED CHEMISTRY (Record no. 5480)

MARC details
000 -LEADER
fixed length control field 00368nam a22001457a 4500
005 - DATE AND TIME OF LATEST TRANSACTION
control field 20170620164459.0
008 - FIXED-LENGTH DATA ELEMENTS--GENERAL INFORMATION
fixed length control field 170620b xxu||||| |||| 00| 0 eng d
020 ## - INTERNATIONAL STANDARD BOOK NUMBER
ISBN 978-81-219-2624-6
041 ## - LANGUAGE CODE
Language code of text/sound track or separate title eng
100 ## - MAIN ENTRY--AUTHOR NAME
Personal name GHOS DR JAYA SHREE
245 ## - TITLE STATEMENT
Title FUNDAMENTAL CONCEPTS OF APPLIED CHEMISTRY
260 ## - PUBLICATION, DISTRIBUTION, ETC. (IMPRINT)
Place of publication NEW DELHI
Name of publisher S CHAND
Year of publication 2006
300 ## - PHYSICAL DESCRIPTION
Number of Pages 433
942 ## - ADDED ENTRY ELEMENTS (KOHA)
Koha item type Books

No items available.